000 00767nam a2200229Ia 4500
001 17177
003 GE_BSU
008 181216s||||||||xx |||||||||||||| ||und||
040 _cGE_BSU
080 _a821.161.1-11
100 _aპუშკინი, ალექსანდრე
245 _aრუსლანი და ლუდმილა
245 _bპოემა
245 _cთარგმნა ო. ჭილაძემ ; ილ.: მ. და ს. კახიშვილები
260 _aთბილისი
260 _bნაკადული
260 _c1967
300 _a107გვ. : 6 ფ. ილ. ; 21სმ.
653 _aპოემა
653 _aრუსლანი და ლუდმილა
942 _cBK
999 _c50239
_d50239